The Highfllyers : success stories of 110 UAE - based international investors.
| Format: | Book |
|---|---|
| Published: |
Abu Dhabi:
Ministry of Foreign Trade,
2011.
|
| Subjects: |
| LEADER | 00459cam a2200133 7i4500 | ||
|---|---|---|---|
| 001 | 0000026349 | ||
| 005 | 20110531090000.0 | ||
| 090 | 0 | 0 | |a UAE 338.7 |b HIG |
| 245 | 0 | 4 | |a The Highfllyers : |b success stories of 110 UAE - based international investors. |
| 260 | 0 | 0 | |a Abu Dhabi: |b Ministry of Foreign Trade, |c 2011. |
| 300 | # | # | |a 291 p. |
| 650 | 0 | 0 | |a Investments -- |z United Arab Emirates |
| 651 | 0 | 0 | |a United Arab Emirates |
| 999 | |a 0000028508 |b Book |c Countries |e Business Information Centre | ||